China's bravest girl : the legend of Hua Mu Lan = [Jin guo ying xiong Hua Mulan] /
Legend of Hua Mu Lan who goes to war disguised as a man to save the family honor and becomes a great general.
| Main Author: | |
|---|---|
| Other Authors: | , |
| Format: | Book |
| Language: | English Chinese |
| Published: |
Emeryville, CA :
Children's Book Press,
1993.
|
| Subjects: |
MARC
| Tag | First Indicator | Second Indicator | Subfields |
|---|---|---|---|
| LEADER | 00000cam a2200000 a 4500 | ||
| 001 | in00001761847 | ||
| 005 | 20160220063501.0 | ||
| 008 | 930312s1993 caua j 000 0 eng | ||
| 010 | |a 93015255 | ||
| 019 | |a 32685371 | ||
| 020 | |a 0892391200 : |c $13.95 | ||
| 035 | |a (OCoLC)ocm27812880 | ||
| 040 | |a DLC |c DLC |d JTZ |d TXA |d UtOrBLW | ||
| 041 | 1 | |a eng |a chi |h chi | |
| 049 | |a TXAM | ||
| 050 | 0 | 0 | |a PS3553.H4896 |b C48 1993 |
| 082 | 0 | 0 | |a 398.21 |2 20 |
| 100 | 1 | |a Chin, Charlie. | |
| 245 | 1 | 0 | |a China's bravest girl : |b the legend of Hua Mu Lan = [Jin guo ying xiong Hua Mulan] / |c told by Charlie Chin ; illustrated by Tomie Arai ; Chinese translation by Wang Xing Chu. |
| 246 | 3 | 1 | |a [Jin guo ying xiong Hua Mulan] |
| 264 | 1 | |a Emeryville, CA : |b Children's Book Press, |c 1993. | |
| 300 | |a 30 pages : |b color illustrations ; |c 25 cm. | ||
| 336 | |a text |b txt |2 rdacontent | ||
| 337 | |a unmediated |b n |2 rdamedia | ||
| 338 | |a volume |b nc |2 rdacarrier | ||
| 500 | |a English and Chinese. | ||
| 500 | |a Parallel title in Chinese characters. | ||
| 520 | |a Legend of Hua Mu Lan who goes to war disguised as a man to save the family honor and becomes a great general. | ||
| 650 | 0 | |a Hua, Mulan (Legendary character) |v Juvenile poetry. | |
| 650 | 1 | |a Chinese language materials |x Biblingual. | |
| 700 | 1 | |a Arai, Tomie, |d 1949- |e illustrator. | |
| 700 | 1 | |a Wang, Xing Chu. | |
| 740 | 0 | |a Legend of Hua Mu Lan. | |
| 740 | 0 | |a Jin guo ying xiong Hua Mulan. | |
| 948 | |a cataloged |b h |c 2003/5/30 |d c |e jgreene |f 2:44:53 pm | ||
| 994 | |a E0 |b TXA | ||
| 999 | |a MARS | ||
| 999 | f | f | |s 6cd7f76b-55b5-3cc3-949e-8c0612d9dfc3 |i 25cfae9e-8942-31b5-8fcb-e6c7320d9ebc |t 0 |
| 952 | f | f | |p normal |a Texas A&M University |b College Station |c Sterling C. Evans Library |d Evans: Curriculum Collection (4th floor) |t 0 |e PS3553.H4896 C48 1993 |h Library of Congress classification |i unmediated -- volume |m A14830219042 |
| 998 | f | f | |a PS3553.H4896 C48 1993 |t 0 |l Evans: Curriculum Collection (4th floor) |